[Event "11th KIIT Festival 2018"]
[Site "Bhubaneswar"]
[Date "2018.06.01"]
[Round "10"]
[White "Burmakin, Vladimir"]
[Black "Rathanvel, V S"]
[Result "1-0"]
[WhiteElo "2528"]
[BlackElo "2292"]
[Annotator "TA"]
[PlyCount "93"]
[EventDate "2018.??.??"]
[EventType "swiss"]
[EventCountry "IND"]
[SourceTitle "playchess.com"]
[Source "ChessBase"]
[SourceQuality "1"]

{[%evp 15,93,-1,19,-3,-3,-2,-6,-16,0,0,6,8,34,29,28,21,33,10,24,-27,-26,-20,-41,-33,-18,-11,-12,-39,-20,-20,-34,-37,0,0,-16,-16,0,0,0,0,0,0,0,-27,-27,-34,-27,-25,-10,-10,-10,-10,0,0,0,0,57,57,54,50,69,48,90,95,221,116,407,399,655,433,544,545,531,486,555,597,29971,29973,29993,29994]} 1. d4 Nf6 2. Nf3 g6 3. Bf4 Bg7 4. e3 O-O 5. Be2 d6 6. O-O Nbd7 7. h3 b6 8. a4 {A48: 1 d4 Nf6 2 Nf3 g6: Torre, London and Colle Systems} (8. c4 Bb7 9. Nc3 a6 10. Bh2 Qe8 11. d5 e5 12. Nd2 Qe7 13. b4 Kh8 14. a4 a5 15. bxa5 Rxa5 16. Nb3 Raa8 17. a5 {1-0 (39) Karjakin,S (2783)-Nepomniachtchi,I (2751) chess.com INT 2017}) 8... Bb7 {LiveBook: 7 Games} 9. Nc3 a6 10. Bh2 {The position is equal.} Re8 $146 ({Predecessor:} 10... Ra7 11. Qd3 Qa8 12. Qc4 Rc8 13. Rfd1 e6 14. Qb3 Ne4 15. Nxe4 Bxe4 {0-1 (37) Bao,Q (2426)-Wen,Y (2605) Shenzhen 2017}) 11. Bc4 e5 12. dxe5 dxe5 13. Qe2 Re7 14. Rfd1 Qe8 15. Nd2 Nf8 16. Nb3 a5 (16... Rd7 {looks sharper.} 17. Rxd7 N8xd7 18. e4 Qe7 19. Rd1 c6) 17. Nd5 ({White should try} 17. Bb5 Qc8 18. Bg3) 17... Nxd5 18. Bxd5 Bxd5 19. Rxd5 Rd7 20. Rxd7 Qxd7 21. Qc4 Rd8 22. Kf1 Ne6 23. Re1 Qd5 (23... c6 {with more complications.} 24. Bg3 h5 25. Qa6 Qc7 26. Qc4 Qb7) 24. Qxd5 Rxd5 25. Ke2 Kf8 26. f3 Ke8 27. g4 Rd7 28. Rb1 e4 29. f4 f5 30. Bg3 Kf7 31. Bh4 c6 32. Be1 Nc7 33. Nd2 b5 34. Nb3 bxa4 35. Nxa5 c5 (35... Nb5 $11) 36. Ra1 $14 Bxb2 37. Rxa4 Nb5 38. Nc4 Bc3 39. Ra6 {[#] Threatens to win with Rb6.} Kg7 (39... Rd5 $16 {might work better.}) 40. Bh4 (40. gxf5 $18 {Hoping for Rb6.} gxf5 41. Na3 Bxe1 42. Nxb5) 40... Bb4 $2 {[%mdl 8192]} (40... Kf8 $16 {was necessary.}) 41. Bf6+ $18 Kh6 $2 (41... Kg8 42. Ra8+ Kf7) 42. gxf5 Bc3 43. Bg5+ Kh5 {and the idea ...h6 leaves Black hopeful.} 44. fxg6 hxg6 45. Rb6 Na3 46. Nd6 Nb5 47. Nxe4 {Precision: White = 68%, Black = 21%.} 1-0

[Event "11th KIIT Festival 2018"]
[Site "Bhubaneswar"]
[Date "2018.06.01"]
[Round "10"]
[White "Tran, Tuan Minh"]
[Black "Karthik Venkataraman"]
[Result "0-1"]
[WhiteElo "2512"]
[BlackElo "2457"]
[Annotator "TA"]
[PlyCount "76"]
[EventDate "2018.??.??"]
[EventType "swiss"]
[EventCountry "IND"]
[SourceTitle "playchess.com"]
[Source "ChessBase"]
[SourceQuality "1"]

{[%evp 24,76,19,0,24,46,35,10,0,-14,-17,-37,0,-52,-8,-12,0,0,0,0,0,0,0,0,-3,-37,-13,-72,-63,-85,-57,-101,-62,-75,-74,-106,-91,-88,-109,-257,-245,-212,-240,-353,-346,-481,-466,-563,-508,-666,-666,-649,-656,-640,-620]} 1. d4 Nf6 2. c4 g6 3. Nc3 d5 4. cxd5 Nxd5 5. e4 Nxc3 6. bxc3 Bg7 7. Bc4 c5 8. Ne2 Nc6 9. Be3 O-O 10. O-O Na5 11. Bd3 b6 12. Qd2 e5 {D87: Exchange Grünfeld: Classical Line: Variations without ...cxd4} 13. dxc5 {LiveBook: 14 Games} (13. Bg5 Qd7 14. Rad1 exd4 15. cxd4 cxd4 16. Bh6 Qd6 17. Ng3 f6 18. Bxg7 Kxg7 19. f4 Qe7 20. f5 Nc6 21. Bb5 Ne5 22. Qxd4 {½-½ (22) Vachier Lagrave,M (2757)-Mchedlishvili,M (2609) Germany 2014}) 13... Qc7 14. c4 Be6 {White is slightly better.} 15. cxb6 axb6 16. Qb4 Nxc4 17. Rfc1 {[%cal Rd3c4]} Rfc8 $146 (17... b5 $5) ({Predecessor:} 17... Qd6 18. Qxd6 Nxd6 19. Rc6 Nc8 20. a4 {½-½ (32) Amigo Villalta,J (2207)-Saez Coma,A (1991) Barcelona 2013}) 18. a4 (18. Bxc4 $11 Bxc4 19. Nc3) 18... Bf8 19. Qb5 Rab8 20. Rab1 Qc6 21. Bxc4 Bxc4 22. Qxe5 Bg7 23. Qf4 Qxa4 24. Nd4 Qe8 25. Rd1 (25. Nf3 $11) 25... b5 $17 26. Nf3 Ba2 {Strongly threatening ...b4.} 27. Rbc1 Rxc1 28. Bxc1 Rd8 29. Rd2 Bc3 30. Rd6 b4 $40 {[%mdl 128] Hoping for ...Rxd6. Black wants a kill.} 31. Bd2 (31. h4 $17) 31... Rxd6 $19 32. Qxd6 Qxe4 33. h3 (33. h4 $142) 33... Kg7 34. Be3 Bd5 {Black is clearly winning.} 35. Bc5 {[#] Qf8+ is the strong threat.} h6 $1 36. Qb8 b3 37. Ba3 {[#]} b2 $1 {[%mdl 512]} 38. Bxb2 Qb1+ {Precision: White = 19%, Black = 72%.} 0-1

[Event "11th KIIT Festival 2018"]
[Site "Bhubaneswar"]
[Date "2018.06.01"]
[Round "10"]
[White "Neverov, Valeriy"]
[Black "Sahoo, Utkal Ranjan"]
[Result "1-0"]
[WhiteElo "2496"]
[BlackElo "2281"]
[Annotator "TA"]
[PlyCount "95"]
[EventDate "2018.??.??"]
[EventType "swiss"]
[EventCountry "IND"]
[SourceTitle "playchess.com"]
[Source "ChessBase"]
[SourceQuality "1"]

{[%evp 22,95,39,42,45,45,56,45,76,79,95,63,81,93,72,70,79,72,58,58,63,77,140,138,303,311,307,308,302,291,305,296,290,287,345,356,345,334,337,341,331,327,359,354,356,370,352,347,408,355,452,446,444,441,470,418,499,463,542,423,507,503,495,463,766,716,672,349,731,704,29988,29989,29990,29991,29996,29996]} 1. d4 Nf6 2. c4 e6 3. Nc3 d5 4. cxd5 exd5 5. Bg5 Nbd7 6. e3 Be7 7. Bd3 c6 8. h3 O-O 9. Nf3 Re8 10. O-O Nf8 11. Qc2 Be6 12. Rfc1 Nh5 {D36: Queen's Gambit Declined: Exchange Variation: Main line (5 Bg5 c6 6 Qc2)} (12... N6d7 13. Bf4 Nb6 14. Rab1 Bd6 15. Ne2 f6 16. Nd2 Bf7 17. b4 Bg6 18. Bxg6 Nxg6 19. Bxd6 Qxd6 20. a4 {1-0 (64) Steingrimsson,H (2533)-Ivanovic,B (2434) Heraklio 2007}) 13. Bxe7 Qxe7 14. Na4 $146 {[%cal Bc3a4,Ba4c5,Bc5e6][%mdl 32]} ({Predecessor:} 14. Rab1 g6 15. b4 a6 16. Na4 Ng7 17. Nc5 Bf5 18. a4 Bxd3 19. Nxd3 Rec8 20. Qb2 {½-½ (58) Siewert,W (2420)-Rogemont,A (2334) ICCF email 2003}) 14... Rad8 {White is slightly better.} 15. b4 Rd6 16. b5 Nf6 17. Nc5 cxb5 18. Bxb5 Rc8 19. Qa4 a6 20. Bd3 $36 {[%mdl 2048] White has some pressure.} Rdc6 21. Rcb1 N6d7 ({Black should play} 21... R6c7) 22. Nxe6 $16 Nb6 $2 {[#]} (22... b5 $16 {is a better defense.} 23. Qa5 Qxe6) 23. Rxb6 $1 $18 Rxb6 24. Nf4 Qd8 25. Re1 Ne6 26. Nxe6 Rxe6 27. Rb1 Rb6 28. Rxb6 Qxb6 29. Ne5 Qd6 30. g4 f6 31. Nf3 g6 32. Qb3 b5 33. e4 Kg7 34. e5 ({Don't play} 34. exd5 Rd8 $18) ({Weaker is} 34. Qxd5 Qxd5 35. exd5 Kf7 $16) 34... Qe6 35. Kg2 fxe5 36. Nxe5 Qd6 37. Be2 b4 38. Qa4 Rc7 39. Bf3 Qb6 40. Qd1 Qb5 41. Qd2 a5 42. Nd3 Rc3 (42... Re7 $142 43. Nf4 Qb8 44. Nxd5 Rf7) 43. Nc5 Qc6 44. Qg5 {[#] Threatening mate with Qe7+.} Qf6 $2 (44... Qd6 45. Qxd5 Qxd5 46. Bxd5 Kf8) 45. Qxd5 {Hoping for Ne6+.} g5 46. Ne6+ {White mates.} Kg6 47. Be4+ Kh6 48. h4 {Precision: White = 79%, Black = 19%.} 1-0

[Event "11th KIIT Festival 2018"]
[Site "Bhubaneswar"]
[Date "2018.06.01"]
[Round "10"]
[White "Iniyan, P."]
[Black "Mitrabha, Guha"]
[Result "*"]
[WhiteElo "2469"]
[BlackElo "2375"]
[Annotator "TA"]
[PlyCount "25"]
[EventDate "2018.??.??"]
[EventType "swiss"]
[EventCountry "IND"]
[SourceTitle "playchess.com"]
[Source "ChessBase"]
[SourceQuality "1"]

{[%evp 16,25,40,11,51,50,41,45,45,0,25,8]} 1. d4 e6 2. c4 Nf6 3. Nc3 Bb4 4. Nf3 O-O 5. Bg5 d5 6. e3 c5 7. cxd5 exd5 {D38: Queen's Gambit Declined: Ragozin Defence (4 Nf3 Bb4)} 8. dxc5 Nbd7 {[%cal Bb8d7,Bd7c5,Bc5e4][%mdl 32]} 9. Be2 {LiveBook: 19 Games} (9. Rc1 Qa5 10. a3 Bxc3+ 11. Rxc3 Ne4 12. b4 Nxc3 13. Qa1 Qa4 14. Qxc3 a5 15. b5 Nxc5 16. Qxc5 Bf5 17. Qc3 Rfc8 {1-0 (37) Aronian,L (2792)-Nakamura,H (2787) Leuven 2016}) 9... Nxc5 10. Qd4 Bxc3+ 11. Qxc3 Nce4 12. Qd4 $146 ({Predecessor:} 12. Bxf6 Nxf6 13. O-O Be6 14. Rac1 Rc8 15. Qb4 Rc7 {0-1 (91) Mir Mahmoud,A (2014)-Muminova,N (2319) Khanty-Mansiysk 2010}) 12... Qa5+ 13. b4 *

[Event "11th KIIT Festival 2018"]
[Site "Bhubaneswar"]
[Date "2018.06.01"]
[Round "10"]
[White "Deviatkin, Andrei"]
[Black "Aronyak Ghosh"]
[Result "1-0"]
[WhiteElo "2467"]
[BlackElo "2294"]
[Annotator "TA"]
[PlyCount "93"]
[EventDate "2018.??.??"]
[EventType "swiss"]
[EventCountry "IND"]
[SourceTitle "playchess.com"]
[Source "ChessBase"]
[SourceQuality "1"]

{[%evp 17,93,34,38,24,54,31,39,41,50,34,29,30,119,115,134,131,127,115,121,115,144,135,191,132,149,129,127,124,76,73,241,236,225,220,464,471,456,447,459,462,450,460,447,438,433,238,231,241,226,208,226,181,164,168,184,181,343,301,695,687,697,696,698,697,690,683,1241,1231,4746,3057,2587,2358,5106,5106,5106,5106,5085,5085]} 1. e4 {[%cal Be2e4,Be4e5][%mdl 32]} Nf6 2. e5 Nd5 3. d4 d6 4. c4 Nb6 5. exd6 cxd6 6. Nc3 g6 7. Be3 Bg7 8. Rc1 O-O 9. b3 Bf5 {LiveBook: 96 Partien} 10. g4 {[%cal Bg2g4,Bg4g5][%mdl 32] B03: Aljechin-Verteidigung (Vierbauernvariante)} (10. d5 e5 11. dxe6 Bxe6 12. Nge2 d5 13. c5 Nc6 14. Nd4 Bxd4 15. Bxd4 Re8 16. cxb6 Qh4 17. Ne2 axb6 {1-0 (38) Xiong,J (2618)-Kamsky,G (2678) Saint Louis 2016}) 10... Bd7 11. Bg2 Nc6 12. d5 $146 {Weiß steht etwas besser.} ({Vorgänger:} 12. h3 f5 13. f3 e5 14. d5 Nd4 15. Qd2 Qe7 16. Bg5 Qf7 17. Nce2 Rae8 {½-½ (53) Wikner,A (2281)-Lindbergh,T (2128) Stockholm 2014}) 12... Ne5 13. h3 f5 {[%cal Rf5g4]} 14. f4 Nf7 (14... Nbxc4 $11 15. bxc4 Nxc4) 15. g5 $1 $16 Re8 16. Nge2 e5 17. dxe6 $1 Rxe6 18. Bf2 h6 19. gxh6 Bxh6 (19... Bxc3+ $16 20. Rxc3 Bc6) 20. O-O (20. Kf1 $18) 20... g5 21. Nd4 Rg6 22. Qh5 $36 {[%mdl 2048] Schwarz muss aufpassen.} (22. Bxb7 gxf4+ 23. Kh2 Rb8 $14) 22... Qf6 23. Kh1 Kh7 $2 (23... Bg7 $16) 24. Nd5 $18 Nxd5 25. cxd5 ({Bloß nicht} 25. Bxd5 $6 gxf4 26. Rce1 (26. Bxb7 Rf8 $16) 26... Qg5 $14) 25... Rc8 $2 (25... gxf4 26. Rc7 Qd8) 26. Rxc8 Bxc8 27. Rc1 Bd7 28. Rc7 Qd8 29. Rxb7 Qc8 30. Rxa7 Rg7 31. Qd1 (31. Rxd7 $142 Qxd7 32. Ne6) 31... gxf4 {[#]} 32. Qc2 $1 {[%cal Rc2c8]} Qxc2 33. Nxc2 Ng5 34. Nd4 Ne4 {Droht stark ...f3.} 35. Be1 Ng3+ 36. Kh2 Bg5 $2 (36... f3) 37. a4 Bf6 $2 (37... f3) 38. Ne6 {Weiß steht klar auf Gewinn.} Bxe6 39. Rxg7+ Kxg7 40. dxe6 {[%mdl 4096] Endspiel KLL-KLS} Ne4 41. a5 Be5 42. Bf3 Kf6 43. a6 Bd4 44. Bxe4 fxe4 {[#]} 45. Bc3 $1 {[%cal Rc3d4][%mdl 512]} Bxc3 46. a7 e3 47. a8=Q {Precision: Weiß = 80%, Schwarz = 34%.} 1-0

[Event "11th KIIT Festival 2018"]
[Site "Bhubaneswar"]
[Date "2018.06.01"]
[Round "10"]
[White "Nguyen, Van Huy"]
[Black "Raahul V S"]
[Result "1-0"]
[WhiteElo "2462"]
[BlackElo "2231"]
[Annotator "TA"]
[PlyCount "51"]
[EventDate "2018.??.??"]
[EventType "swiss"]
[EventCountry "IND"]
[SourceTitle "playchess.com"]
[Source "ChessBase"]
[SourceQuality "1"]

{[%evp 13,51,0,29,29,39,45,54,42,41,35,42,58,75,83,103,55,126,132,125,125,137,125,130,116,119,125,116,121,283,234,322,314,316,309,320,311,422,410,407,403]} 1. d4 Nf6 2. Nf3 g6 3. g3 Bg7 4. Bg2 O-O 5. O-O d6 6. a4 Nc6 7. a5 d5 {LiveBook: 4 Partien. A49: Königsindisch (ohne c2-c4)} (7... a6 8. d5 Nb4 9. e4 Nxe4 10. c3 Nxd5 11. Qxd5 Nc5 12. Qd1 e5 13. Bg5 Qe8 14. Nbd2 e4 15. Nd4 {1-0 (62) Kovalenko,I (2700)-Bachmann,A (2593) Berlin 2015}) 8. c3 Ne4 $146 ({Vorgänger:} 8... Bf5 9. Qa4 Bd7 10. Qa2 b6 11. b4 e6 12. Nbd2 Rb8 13. Nb3 Ne4 14. Qc2 {1-0 (76) Epishin,V (2536)-Weisbuch,U (2177) Caleta 2018}) 9. Bf4 f6 {Weiß steht etwas besser.} 10. Qb3 Kh8 11. Rd1 e5 12. Be3 {[%cal Bf4e3,Be3f2,Bf2d4,Bd4e5][%mdl 32]} Ne7 13. dxe5 fxe5 {[#]} 14. Nxe5 $1 {[%mdl 512] Droht stark Lxe4.} Nxf2 {[#]} ({Lieber} 14... Nf5 $1 $14 15. Bf4 (15. Qxd5 Qxd5 16. Rxd5 Nxe3 $11) (15. Rxd5 Ned6 $14) 15... Qe7) (14... Bxe5 15. Bxe4) 15. Nxg6+ $1 $16 {[%mdl 512]} Nxg6 16. Bxf2 c6 17. Nd2 Ne5 18. Rf1 Bg4 19. Bd4 ({Doch nicht} 19. Qxb7 $6 Rf7 $11) 19... Qe7 20. e4 {[%cal Be2e4,Be4d5,Bd5c6][%mdl 32]} Bh6 $2 (20... Rxf1+ $16 21. Rxf1 Nd3) 21. Qb4 Qxb4 22. Bxe5+ ({Keinesfalls} 22. cxb4 Rxf1+ 23. Rxf1 Re8 $18) 22... Kg8 23. cxb4 Bxd2 24. exd5 Bxb4 25. a6 bxa6 26. dxc6 {Precision: Weiß = 70%, Schwarz = 31%.} 1-0

[Event "11th KIIT Festival 2018"]
[Site "Bhubaneswar"]
[Date "2018.06.01"]
[Round "10"]
[White "Khusenkhojaev, Muhammad"]
[Black "Surendran, N."]
[Result "0-1"]
[WhiteElo "2456"]
[BlackElo "2114"]
[Annotator "TA"]
[PlyCount "159"]
[EventDate "2018.??.??"]
[EventType "swiss"]
[EventCountry "IND"]
[SourceTitle "playchess.com"]
[Source "ChessBase"]
[SourceQuality "1"]

{[%evp 21,159,18,45,0,29,31,29,23,43,43,39,12,74,7,11,-4,-18,-12,21,21,18,18,18,12,12,14,25,20,19,20,26,18,26,26,26,20,22,26,26,26,26,26,52,26,32,14,41,37,56,48,67,42,63,72,64,33,47,35,37,40,39,0,45,8,51,35,41,21,17,13,18,8,8,8,10,8,11,8,14,8,8,8,558,554,549,20,542,536,578,571,571,564,535,534,808,803,1502,1469,29964,29962,4817,598,600,396,376,299,292,0,382,366,479,459,432,448,3188,3862,2230,2204,2173,2131,1976,1868,1569,1631,29978,29980,29982,29983,29983,29984,29984,29985,29989,29990,29990,29986,29986,29987,29984,29985]} 1. Nf3 Nf6 2. c4 e6 3. g3 d5 4. d4 Be7 5. Bg2 O-O 6. O-O dxc4 7. Qc2 b6 {E05: Open Catalan: 5 Nf3 Be7} 8. Bg5 Nd5 9. Bxe7 Qxe7 10. Qxc4 Ba6 11. Qc2 Nd7 {LiveBook: 3 Games} 12. Nc3 c5 13. Nxd5 exd5 14. Rfe1 {[#]} Nf6 $146 ({Predecessor:} 14... Bb7 15. Qa4 {0-1 (46) Studer,N (2493)-Bacrot,E (2715) Biel 2017}) 15. dxc5 bxc5 16. Rac1 Rfc8 {[#]} (16... Rac8 $11) 17. Bh3 (17. e4 $1 $16 {[%mdl 512]}) 17... Rc7 $11 18. b4 {[%cal Rb4c5]} Bc8 19. Bg2 {[%cal Rb4c5]} Bd7 20. bxc5 Rac8 {[%cal Rc7c5]} 21. Qb2 Rxc5 22. Nd4 Rc4 23. e3 Qc5 24. Rb1 Qa5 25. Bf1 R4c7 26. Qb4 Qxa2 27. Ra1 a5 $1 28. Qxa5 Qxa5 29. Rxa5 Rc1 30. Rxc1 Rxc1 31. Kg2 Kf8 32. Ra7 g6 33. Be2 Ke7 34. g4 h6 35. h4 Kd6 36. f3 Rc7 37. Ra6+ Ke7 38. Kg3 Rc3 39. Kf2 Ne8 40. Ra5 Be6 41. Ra6 Nc7 42. Rb6 (42. Ra7 $5 {[%cal Rd4b5]} Kd6 43. f4 $16) 42... Rc1 43. f4 {Hoping for f5.} Bd7 44. f5 gxf5 45. gxf5 f6 46. Bf3 Rc5 $1 47. Kg3 Nb5 48. Ne6 Rc3 49. Nf4 Nc7 50. Bxd5 {And now Ng6+ would win.} Rxe3+ 51. Kf2 Ra3 $2 {[%mdl 8192]} (51... Rc3 $1 $11 {and Black has nothing to worry.}) 52. Ng6+ $18 Kd8 53. Rb8+ Bc8 {[#]} 54. Bb7 $1 Rb3 55. Rxc8+ Kd7 56. Nf8+ Kd6 57. Bf3 Nb5 58. Rc6+ Ke5 59. Nd7+ Kf4 60. Rc4+ Kxf5 61. Bg4+ (61. Be4+ $142 Ke6 62. Nc5+ Ke5 63. Nxb3) 61... Kg6 62. Rf4 Rb2+ 63. Kg3 Rb3+ 64. Kf2 Rb2+ 65. Ke3 Rb3+ 66. Kd2 Rb2+ 67. Kd3 Rh2 (67... f5 $142 68. Bxf5+ Kf7 69. Bg4+ Ke7) 68. Rxf6+ Kg7 69. h5 Nc7 70. Rg6+ Kf7 71. Ne5+ Ke7 72. Rxh6 Nd5 73. Re6+ {White mates.} Kf8 74. Ke4 Ne7 75. Ng6+ Nxg6 76. hxg6 Kg7 77. Kf5 Kh6 78. Kf6 Rf2+ 79. Bf5 Rg2 80. Kf7 {[%mdl 32768] Precision: White = 62%, Black = 49%. . Sensor Board Error (Ke4/e5)?} 0-1

[Event "11th KIIT Festival 2018"]
[Site "Bhubaneswar"]
[Date "2018.06.01"]
[Round "10"]
[White "Laxman, R R"]
[Black "Debashis, Das"]
[Result "1/2-1/2"]
[WhiteElo "2444"]
[BlackElo "2522"]
[Annotator "TA"]
[PlyCount "19"]
[EventDate "2018.??.??"]
[EventType "swiss"]
[EventCountry "IND"]
[SourceTitle "playchess.com"]
[Source "ChessBase"]
[SourceQuality "1"]

{[%evp 18,19,19,0]} 1. d4 d5 2. c4 c6 3. Nc3 Nf6 4. Nf3 dxc4 5. a4 Bf5 6. Nh4 $146 ({Predecessor:} 6. Ne5 e6 7. f3 Bb4 8. e4 Bxe4 9. fxe4 Nxe4 10. Bd2 Qxd4 11. Nxe4 Qxe4+ 12. Qe2 Bxd2+ 13. Kxd2 Qd5+ 14. Kc3 O-O 15. Qe3 b5 16. Be2 Nd7 17. Nxd7 Qxd7 18. axb5 cxb5 19. Bf3 Rac8 20. Rxa7 b4+ 21. Kc2 Qb5 22. Kb1 g6 {0-1 (46) Fedoseev,V (2718)-Malakhov,V (2686) St Petersburg 2017}) 6... Bc8 7. Nf3 Bf5 8. Nh4 Bc8 9. Nf3 Bf5 10. Nh4 {LiveBook: 1307 Games} 1/2-1/2

[Event "11th KIIT Festival 2018"]
[Site "Bhubaneswar"]
[Date "2018.06.01"]
[Round "10"]
[White "Das, Sayantan"]
[Black "Ram, S  Krishnan"]
[Result "0-1"]
[WhiteElo "2437"]
[BlackElo "2194"]
[Annotator "TA"]
[PlyCount "124"]
[EventDate "2018.??.??"]
[EventType "swiss"]
[EventCountry "IND"]
[SourceTitle "playchess.com"]
[Source "ChessBase"]
[SourceQuality "1"]

{[%evp 12,124,30,18,49,51,43,45,56,47,121,120,124,124,101,71,121,122,133,119,130,30,145,129,145,137,134,-122,0,0,0,0,0,0,18,0,11,11,11,14,12,12,18,0,0,0,9,0,0,-9,-16,-180,-195,-185,-190,-220,-198,-264,-263,-264,-258,-260,-7,-18,0,-253,-263,-256,-203,-303,-305,-280,-266,-291,-272,-366,-368,-431,-427,-424,-397,-421,-397,-488,-492,-657,-648,-615,-471,-688,-427,-704,-560,-560,-512,-516,-504,-549,-541,-541,-543,-559,-568,-664,-459,-542,-526,-919,-927,-922,-922,-837,-786,-1777,-1702]} 1. e4 e6 2. d4 d5 3. Bd3 Nf6 4. e5 Nfd7 5. f4 (5. c3 c5 6. Nf3 Nc6 7. O-O Qb6 8. Bc2 Be7 9. a3 a5 10. Re1 f6 11. exf6 Nxf6 12. Qd3 Bd7 13. Nbd2 cxd4 14. cxd4 O-O 15. b3 Rac8 {1-0 (57) Onischuk,V (2623)-Krishna,C (2380) Bastia 2017}) 5... c5 6. c3 {C01: French: Exchange Variation} Nc6 7. Nf3 {LiveBook: 8 Games} cxd4 8. cxd4 {White is slightly better.} Qb6 9. Be2 f6 $146 ({Predecessor:} 9... Bb4+ 10. Nc3 f6 11. exf6 Nxf6 {0-1 (49) Simons,M (2028)-Page,M (2036) England 2016}) 10. Nc3 fxe5 (10... a6 $14) 11. fxe5 $16 Be7 12. O-O O-O 13. Na4 Qc7 14. Be3 Nb6 15. Nxb6 Qxb6 16. Qc2 ({White should try} 16. Bd3 $1 $16) 16... Bd7 (16... Kh8 $11 {remains equal.}) 17. Bd3 $1 h6 18. Qf2 {Threatens to win with Qg3.} Bg5 19. Kh1 $2 {[%mdl 8192] [#]} (19. Bxg5 $16 {is necessary to keep the advantage.} hxg5 20. Rad1) 19... Bxe3 (19... Nxe5 $1 $17 {[%mdl 512]} 20. Qe2 (20. dxe5 Qxe3) 20... Nxd3 21. Nxg5 Bb5 22. Rxf8+ Rxf8) 20. Qxe3 $11 Ne7 21. Rf2 Bb5 22. Bc2 Rac8 23. Rg1 Be8 24. Nh4 Rxf2 25. Qxf2 Bb5 26. Bb1 Qa6 27. Qf3 Be2 28. Qg3 Bh5 29. Qf4 Qe2 $1 30. b3 Qg4 31. Qf2 $2 (31. Ng6 $11 Nxg6 32. Qxg4 Bxg4 33. Bxg6) 31... Rf8 $19 32. Nf3 Qf4 {[%cal Rh5f3]} 33. Rf1 Bxf3 34. gxf3 (34. Qxf3 $142 Qxf3 35. Rxf3) 34... Nc6 35. Qc2 Rf5 36. Qc5 {[#]} Rf7 $2 ({Black should play} 36... Rh5 $1 $19 {[%csl Gh5][%cal Rf4h2]} 37. Qc2 Kf8) 37. Qc2 $1 $11 {[%cal Rc2h7] Qh7+ is the strong threat.} Rf5 $2 (37... Qxd4 $11 38. Qh7+ Kf8) 38. Qc5 $1 $19 {[#]} Rh5 $1 {[%csl Gh5][%cal Rf4h2]} 39. Qc2 Kf8 $40 {[%mdl 128] Black attacks with force.} ({Inferior is} 39... Nxd4 40. Qc8+ Kf7 41. Qxb7+ Kg8 42. Qb8+ Kf7 43. Qc7+ Kg8 44. Qb8+ Kf7 45. Qc7+ Kg8 46. Qb8+ $11) 40. Qc5+ (40. b4 $142) 40... Kf7 {[%csl Gh5][%cal Rf4h2]} 41. Qc2 {And now Qg6+ would win.} Rh4 42. b4 Ne7 ({Resist} 42... Qxd4 43. Qg6+ Kf8 44. Qxe6 $19) 43. Rf2 Qxd4 44. Qe2 Qxb4 45. Bd3 Qf4 46. Rg2 Rh5 47. Qc2 {Hoping for Bg6+.} Rxe5 {Black is clearly winning.} 48. Rg3 Re1+ 49. Kg2 Qc1 50. Qf2 (50. Qxc1 $142 Rxc1 51. Rg4) 50... Qe3 51. Qc2 (51. Qxe3 $142 Rxe3 52. f4) 51... Rg1+ 52. Kh3 Rxg3+ 53. Kxg3 Qg5+ 54. Kf2 Qf4 55. Kg2 Nc6 56. Bg6+ Kf6 57. Bh7 Ke7 58. Qb2 Nd4 59. Qa3+ Kf7 {White must now prevent ...Qd2+.} 60. Qd3 {[#]} Qxf3+ $1 61. Qxf3+ Nxf3 62. Kxf3 g6 {Precision: White = 42%, Black = 55%.} 0-1